<?xml version="1.0" encoding="UTF-8"?>
<record
    xmlns:xsi="http://www.w3.org/2001/XMLSchema-instance"
    xsi:schemaLocation="http://www.loc.gov/MARC21/slim http://www.loc.gov/standards/marcxml/schema/MARC21slim.xsd"
    xmlns="http://www.loc.gov/MARC21/slim">

  <leader>01282nam a2200301 i 4500</leader>
  <controlfield tag="001">bg</controlfield>
  <datafield tag="100" ind1="1" ind2=" ">
    <subfield code="a">ADAMCZYK, Jan Leszek</subfield>
    <subfield code="d">(1951- )</subfield>
  </datafield>
  <datafield tag="245" ind1="1" ind2="0">
    <subfield code="a">Fortyfikacje sta&#x142;e na polskim przedmurzu od po&#x142;owy XV do ko&#x144;ca XVII wieku /</subfield>
    <subfield code="c">Jan Leszek Adamczyk.</subfield>
  </datafield>
  <datafield tag="260" ind1=" " ind2=" ">
    <subfield code="a">Kielce :</subfield>
    <subfield code="b">P&#x15A;,</subfield>
    <subfield code="c">2004.</subfield>
  </datafield>
  <datafield tag="300" ind1=" " ind2=" ">
    <subfield code="a">249 s., [1] k. tabl. z&#x142;o&#x17C;. :</subfield>
    <subfield code="b">faks., fot., mapy, pl. ;</subfield>
    <subfield code="c">30 cm.</subfield>
  </datafield>
  <datafield tag="490" ind1="1" ind2=" ">
    <subfield code="a">Monografie, Studia, Rozprawy / [Politechnika &#x15A;wi&#x119;tokrzyska] ;</subfield>
    <subfield code="v">48</subfield>
  </datafield>
  <datafield tag="500" ind1=" " ind2=" ">
    <subfield code="a">Na s. red. i s. 4 ok&#x142;. b&#x142;&#x119;dny i zb&#x119;dny ISSN. - Streszcz. ang.</subfield>
  </datafield>
  <datafield tag="504" ind1=" " ind2=" ">
    <subfield code="a">Bibliogr. s. 241-246 i bibliogr. przy has&#x142;ach.</subfield>
  </datafield>
  <datafield tag="650" ind1=" " ind2="9">
    <subfield code="a">Architektura obronna polska</subfield>
    <subfield code="x">historia</subfield>
    <subfield code="y">15-17 w.</subfield>
  </datafield>
  <datafield tag="650" ind1=" " ind2="9">
    <subfield code="a">Fortyfikacje</subfield>
    <subfield code="z">Polska</subfield>
    <subfield code="y">15-17 w.</subfield>
  </datafield>
  <datafield tag="651" ind1=" " ind2="9">
    <subfield code="a">Brac&#x142;aw (Ukraina ; okr&#x119;g)</subfield>
    <subfield code="x">budownictwo</subfield>
    <subfield code="y">15-17 w.</subfield>
  </datafield>
  <datafield tag="651" ind1=" " ind2="9">
    <subfield code="a">Kij&#xF3;w (Ukraina ; okr&#x119;g)</subfield>
    <subfield code="x">budownictwo</subfield>
    <subfield code="y">15-17 w.</subfield>
  </datafield>
  <datafield tag="651" ind1=" " ind2="9">
    <subfield code="a">Kresy wschodnie Rzeczypospolitej</subfield>
    <subfield code="x">budownictwo</subfield>
    <subfield code="y">15-17 w.</subfield>
  </datafield>
  <datafield tag="651" ind1=" " ind2="9">
    <subfield code="a">Podole (Ukraina)</subfield>
    <subfield code="x">budownictwo</subfield>
    <subfield code="y">15-17 w.</subfield>
  </datafield>
  <datafield tag="651" ind1=" " ind2="9">
    <subfield code="a">Ru&#x15B; Czerwona</subfield>
    <subfield code="x">budownictwo</subfield>
    <subfield code="y">15-17 w.</subfield>
  </datafield>
  <datafield tag="830" ind1=" " ind2="0">
    <subfield code="a">Monografie, Studia, Rozprawy ([Politechnika &#x15A;wi&#x119;tokrzyska]) ;</subfield>
    <subfield code="v">48</subfield>
  </datafield>
  <datafield tag="015" ind1=" " ind2=" ">
    <subfield code="a">PB 3046/2005</subfield>
  </datafield>
  <datafield tag="040" ind1=" " ind2=" ">
    <subfield code="c">BPK</subfield>
  </datafield>
  <datafield tag="041" ind1="0" ind2=" ">
    <subfield code="a">pol</subfield>
    <subfield code="b">eng</subfield>
  </datafield>
  <datafield tag="080" ind1=" " ind2=" ">
    <subfield code="a">728.81:623.1/.3](438)"14/16"</subfield>
  </datafield>
  <datafield tag="942" ind1=" " ind2=" ">
    <subfield code="c">KS</subfield>
  </datafield>
  <controlfield tag="008">      s        pl     f     |000 0 pol  </controlfield>
  <datafield tag="999" ind1=" " ind2=" ">
    <subfield code="c">45869</subfield>
    <subfield code="d">45869</subfield>
  </datafield>
  <datafield tag="856" ind1=" " ind2=" ">
    <subfield code="u">http://koha.tu.koszalin.pl/cgi-bin/koha/opac-detail.pl?biblionumber=45869</subfield>
    <subfield code="y">Katalog online BPK</subfield>
  </datafield>
  <datafield tag="952" ind1=" " ind2=" ">
    <subfield code="0">0</subfield>
    <subfield code="1">0</subfield>
    <subfield code="4">0</subfield>
    <subfield code="7">1</subfield>
    <subfield code="a">ELBUD</subfield>
    <subfield code="b">ELBUD</subfield>
    <subfield code="c">b</subfield>
    <subfield code="o">75219</subfield>
    <subfield code="p">02257907</subfield>
    <subfield code="t">72 A</subfield>
    <subfield code="y">KS</subfield>
  </datafield>
</record>
